Statistics for Roman Army

Click here to take the quiz!

General Stats

  • This quiz has been taken 47 times
  • The average score is 10 of 17

Answer Stats

HintAnswer% Correct
1. Largest Roman unitLegion
98%
5.Commander of number 3Centurion
83%
11.Region Conquered by Julius CaeserGaul
80%
14.Nation Rome fought in The Punic WarsCarthage
78%
2.Sub unit of the aboveCohort
78%
8.Roman swordGladius
78%
15.General that destroyed the aboveScipio Africanus
73%
3.And the next smallest?Century
66%
16.Nation that rebelled in AD 66-70Judea
61%
7. Roman javelinPilum
59%
13.Famous Roman formationTestudo
56%
12.Famous Siege in the above campaignSiege of Alesia
49%
17.General that supressed the above and later became emperorVespasian
46%
4.Commander of number oneLegate
41%
10. Forest where 8-10% of the Roman army was destroyed in AD 9Teutoburg Forest
39%
6. these reforms modernized the Roman armyThe Marian Reforms
32%
9. What were Roman catapults called?Onagers
29%

Score Distribution

Percentile by Number Answered

Percent of People with Each Score

Your Score History

You have not taken this quiz